000 00279nam a22001337a 4500
008 180928b xxu||||| |||| 00| 0 eng d
020 _a104073
041 _aeng
080 _a311
100 _a55
101 _aSTA
245 _aBasic Statistics
_cLeabo, D.A
942 _2udc
_cBK
999 _c48672
_d48672